000 00598nam a2200241Ia 4500
003 OSt
005 20221005121505.0
006 a|||||r|||| 00| 0
007 ta
008 221004b |||||||| |||| 00| 0 hin d
024 _a53668
037 _cTextual
040 _aCRL
_cCRL
_bhin
041 _2hin
_ahin
082 _aO152v2.N, 32K5
100 _aPillay
_9630686
245 0 _aHindi sahithya charithram
260 _c1965
300 _a218p.
_ccm.
650 _aHINDI LITERATURE
_923866
942 _hO152v2.N, 32K5
_cTEXL
_2cc
999 _c1041301
_d1041301